[Event "Adeje Arona op"]
[Site "Adeje"]
[Date "2024.06.22"]
[Round "1"]
[White "Cacciola, Alfredo"]
[Black "Gupta, Abhijeet"]
[Result "0-1"]
[WhiteElo "2159"]
[BlackElo "2589"]
[PlyCount "99"]
[EventDate "2024.06.22"]
[EventType "swiss"]
[EventRounds "10"]
[EventCountry "ESP"]
[SourceTitle "CBM 220 Extra"]
[Source "ChessBase"]
[SourceDate "2024.07.31"]
[SourceVersion "1"]
[SourceVersionDate "2024.07.31"]
[SourceQuality "1"]

1. e4 c5 2. Nf3 d6 3. d4 cxd4 4. Nxd4 Nf6 5. Nc3 Nc6 6. Bg5 e6 7. Qd2 a6 8. 0-0-0 Bd7 9. Kb1 h6 10. Be3 b5 11. Nxc6 Bxc6 12. f3 Be7 13. Ne2 Qc7 14. Nd4 Bd7 15. g4 Rc8 16. Rc1 e5 17. Nf5 Bxf5 18. gxf5 d5 19. exd5 Qd7 20. c4 0-0 21. Ka1 Kh7 22. Rg1 Rg8 23. Bd3 Bc5 24. Bxc5 Rxc5 25. Qe3 Rgc8 26. cxb5 Rxc1+ 27. Rxc1 Nxd5 28. Qe1 Rxc1+ 29. Qxc1 axb5 30. a3 Nf4 31. Be4 Ne2 32. f6+ Kg8 33. Qe1 Nd4 34. Qg3 g6 35. Qxe5 Nb3+ 36. Ka2 Nc1+ 37. Kb1 Ne2 38. Qd5 Qh3 39. Bxg6 Qf1+ 40. Ka2 Nc1+ 41. Kb1 Nb3+ 42. Ka2 Nc1+ 43. Kb1 Nb3+ 44. Ka2 Nc1+ 45. Kb1 Nb3+ 46. Kc2 Na1+ 47. Kd2 Qg2+ 48. Kc3 Qxg6 49. Qd8+ Kh7 50. Qd1 0-1

[Event "SUI-chT"]
[Site "Switzerland"]
[Date "2023.08.26"]
[Round "6.6"]
[White "Fecker, Noah"]
[Black "Cacciola, Alfredo"]
[Result "1-0"]
[WhiteElo "2388"]
[BlackElo "2166"]
[PlyCount "59"]
[EventDate "2023.04.16"]
[EventType "team-tourn"]
[EventRounds "9"]
[EventCountry "SUI"]
[SourceTitle "EXT 2024"]
[Source "ChessBase"]
[SourceDate "2023.10.10"]
[SourceVersion "1"]
[SourceVersionDate "2023.10.10"]
[SourceQuality "1"]
[WhiteTeam "Zuerich"]
[BlackTeam "Mendrisio"]
[WhiteTeamCountry "SUI"]
[BlackTeamCountry "SUI"]

1. e4 c5 2. Nf3 d6 3. d4 cxd4 4. Nxd4 Nf6 5. Nc3 g6 6. Be3 Bg7 7. f3 0-0 8. Qd2 Nc6 9. 0-0-0 d5 10. exd5 Nxd5 11. Nxc6 bxc6 12. Bd4 Bxd4 13. Qxd4 Qb6 14. Na4 Qc7 15. Bc4 Rd8 16. a3 Bf5 17. Bb3 Nf4 18. Qf2 Rxd1+ 19. Rxd1 Rd8 20. Re1 Be6 21. Bxe6 Nxe6 22. g3 Qa5 23. Nc3 Qb6 24. Qxb6 axb6 25. a4 Kf8 26. Re3 Nd4 27. Ne4 e6 28. g4 h6 29. Nd2 Ke7 30. c3 1-0

[Event "SUI-chT"]
[Site "Switzerland"]
[Date "2023.04.30"]
[Round "2.8"]
[White "Cacciola, Alfredo"]
[Black "Sigfusson, Sigurdur Dadi"]
[Result "0-1"]
[WhiteElo "2166"]
[BlackElo "2266"]
[PlyCount "130"]
[EventDate "2023.04.16"]
[EventType "team-tourn"]
[EventRounds "9"]
[EventCountry "SUI"]
[SourceTitle "EXT 2024"]
[Source "ChessBase"]
[SourceDate "2023.10.10"]
[SourceVersion "1"]
[SourceVersionDate "2023.10.10"]
[SourceQuality "1"]
[WhiteTeam "Mendrisio"]
[BlackTeam "Reti"]
[WhiteTeamCountry "SUI"]
[BlackTeamCountry "SUI"]

1. e4 e5 2. Nf3 Nc6 3. Bb5 a6 4. Ba4 Nf6 5. 0-0 Be7 6. Re1 b5 7. Bb3 d6 8. c3 0-0 9. h3 Na5 10. Bc2 c5 11. d4 Qc7 12. Nbd2 cxd4 13. cxd4 Nc6 14. Nb3 a5 15. Be3 Nb4 16. Bb1 Bb7 17. a3 Na6 18. d5 a4 19. Nbd2 Nc5 20. Bc2 Nfd7 21. Rc1 Rfc8 22. Nf1 Qd8 23. Bd2 g6 24. Ne3 Nb6 25. Qe2 Qd7 26. Bb4 Ba6 27. Kh2 Nc4 28. Rb1 Bd8 29. Qd1 Na5 30. Nd2 Kg7 31. g3 Rcb8 32. f4 Bc8 33. f5 Na6 34. Bc3 b4 35. Bxa4 Qa7 36. axb4 Nxb4 37. Bxb4 Rxb4 38. b3 Bg5 39. Qf3 Rd4 40. Rb2 Rd3 41. Ndf1 Kg8 42. h4 Bh6 43. Rd2 Rc3 44. Rc2 Rxc2+ 45. Nxc2 Rb8 46. Re2 Ba6 47. Rf2 Nxb3 48. fxg6 hxg6 49. Nfe3 Nc5 50. Ng4 Bg7 51. Bc6 Bd3 52. Ne1 Bxe4 53. Nf6+ Kh8 54. Qe2 Bd3 55. Qe3 Rb3 56. Ne8 Bf5 57. Qc1 Rb1 58. Qe3 Rxe1 59. Qxe1 Nd3 60. Qe2 Nxf2 61. Nxd6 Ng4+ 62. Kg2 Bf8 63. Nc4 Qd4 64. Nd2 Ne3+ 65. Kh2 Qxd2 0-1

[Event "Imola op 3rd"]
[Site "Imola"]
[Date "2021.12.07"]
[Round "3"]
[White "Cacciola, Alfredo"]
[Black "Fuochi, Tommaso"]
[Result "1-0"]
[WhiteElo "2179"]
[BlackElo "2019"]
[PlyCount "93"]
[EventDate "2021.12.06"]
[EventType "swiss"]
[EventRounds "5"]
[EventCountry "ITA"]
[SourceTitle "CBM 205 Extra"]
[Source "ChessBase"]
[SourceDate "2022.01.31"]
[SourceVersion "1"]
[SourceVersionDate "2022.01.31"]
[SourceQuality "1"]

1. e4 e6 2. d4 d5 3. Nc3 Bb4 4. e5 c5 5. a3 Bxc3+ 6. bxc3 Qc7 7. h4 cxd4 8. cxd4 Qc3+ 9. Bd2 Qxd4 10. Nf3 Qb6 11. h5 h6 12. Bd3 Nc6 13. Rb1 Qc7 14. Qe2 Nge7 15. Rh4 b6 16. Rg4 Kf8 17. Rf4 Ke8 18. Kf1 Bb7 19. Kg1 Nb8 20. Nd4 a6 21. Bb4 Nbc6 22. Bd6 Nxd4 23. Rxd4 Qd8 24. Qg4 Nc6 25. Rf4 Qg5 26. Rxb6 Ra7 27. Ra4 Kd7 28. Qe2 Rg8 29. f4 Qh4 30. Bc5 Rb8 31. Rb1 Raa8 32. Bd6 f6 33. Bxb8 Rxb8 34. exf6 gxf6 35. Qxe6+ Kxe6 36. f5+ Kd6 37. Rxh4 Ne5 38. Rhb4 Kc7 39. Bxa6 Bxa6 40. Rxb8 Be2 41. Rh8 Bxh5 42. Rxh6 Bg4 43. Rxf6 Nd7 44. Rf7 Kd6 45. a4 Ne5 46. Rf6+ Kc5 47. a5 1-0

[Event "Imola op 3rd"]
[Site "Imola"]
[Date "2021.12.07"]
[Round "2"]
[White "Piangerelli, Michele"]
[Black "Cacciola, Alfredo"]
[Result "1-0"]
[WhiteElo "2039"]
[BlackElo "2179"]
[PlyCount "107"]
[EventDate "2021.12.06"]
[EventType "swiss"]
[EventRounds "5"]
[EventCountry "ITA"]
[SourceTitle "CBM 205 Extra"]
[Source "ChessBase"]
[SourceDate "2022.01.31"]
[SourceVersion "1"]
[SourceVersionDate "2022.01.31"]
[SourceQuality "1"]

1. e4 c5 2. Nf3 d6 3. d4 cxd4 4. Nxd4 Nf6 5. f3 e5 6. Nb3 Be6 7. Bg5 Nbd7 8. Nc3 Be7 9. Qd2 a6 10. 0-0-0 b5 11. Kb1 0-0 12. h4 b4 13. Bxf6 Nxf6 14. Nd5 Bxd5 15. exd5 a5 16. g4 a4 17. Nc1 Qb6 18. h5 Ra5 19. Bc4 Qc5 20. b3 e4 21. Qd4 exf3 22. Rhf1 Nd7 23. Rxf3 Ne5 24. Qxc5 Rxc5 25. Rf4 Bg5 26. Re4 Rfc8 27. Nd3 Nxc4 28. Nxc5 Na3+ 29. Kb2 dxc5 30. d6 Bf6+ 31. Kc1 Bg5+ 32. Kb2 Nb5 33. d7 a3+ 34. Ka1 Bf6+ 35. c3 Rf8 36. Re8 bxc3 37. Rxf8+ Kxf8 38. d8Q+ Bxd8 39. Rxd8+ Ke7 40. Rd5 c2 41. Rxc5 Nd4 42. b4 Kd6 43. Rc3 g6 44. b5 Nxb5 45. Rxc2 f5 46. gxf5 gxf5 47. Rg2 f4 48. Rg4 f3 49. Rf4 Ke5 50. Rxf3 Ke4 51. Rb3 Nd4 52. Rxa3 Nc2+ 53. Kb2 Nxa3 54. Kxa3 1-0

[Event "Imola op 3rd"]
[Site "Imola"]
[Date "2021.12.06"]
[Round "1"]
[White "Cacciola, Alfredo"]
[Black "Martinovici, Ilie"]
[Result "0-1"]
[WhiteElo "2179"]
[BlackElo "2395"]
[PlyCount "48"]
[EventDate "2021.12.06"]
[EventType "swiss"]
[EventRounds "5"]
[EventCountry "ITA"]
[SourceTitle "CBM 205 Extra"]
[Source "ChessBase"]
[SourceDate "2022.01.31"]
[SourceVersion "1"]
[SourceVersionDate "2022.01.31"]
[SourceQuality "1"]

1. e4 c5 2. Nf3 Nc6 3. d4 cxd4 4. Nxd4 e5 5. Nb5 d6 6. N1c3 a6 7. Na3 b5 8. Nd5 Nge7 9. c4 Nxd5 10. exd5 Nd4 11. cxb5 Be7 12. Bd3 0-0 13. 0-0 f5 14. Be3 Nxb5 15. Nxb5 axb5 16. Bxb5 f4 17. Bd2 f3 18. g3 Ba6 19. Bxa6 Rxa6 20. Re1 Qd7 21. Re4 Qf5 22. Rb4 Bf6 23. Qb1 Rxa2 24. Qd1 Qh3 0-1

[Event "Imola Ferrari Cup 1st"]
[Site "Imola"]
[Date "2021.12.04"]
[Round "3"]
[White "Rotondaro, Alberto"]
[Black "Cacciola, Alfredo"]
[Result "1-0"]
[WhiteElo "2082"]
[BlackElo "2179"]
[PlyCount "127"]
[EventDate "2021.12.03"]
[EventType "swiss"]
[EventRounds "5"]
[EventCountry "ITA"]
[SourceTitle "EXT 2023"]
[Source "ChessBase"]
[SourceDate "2022.10.05"]
[SourceVersion "1"]
[SourceVersionDate "2022.10.05"]
[SourceQuality "1"]

1. e4 c5 2. Nf3 d6 3. d4 cxd4 4. Nxd4 Nf6 5. Nc3 g6 6. Be3 Bg7 7. f3 0-0 8. Qd2 Nc6 9. 0-0-0 d5 10. Qe1 e5 11. Nxc6 bxc6 12. exd5 Nxd5 13. Bc4 Be6 14. Ne4 Qc7 15. Bc5 Rfd8 16. Qh4 h6 17. g4 Rd7 18. g5 h5 19. Qf2 Rb8 20. b3 a5 21. a4 Qb7 22. Rhe1 Rbd8 23. Ba3 Nf4 24. Rxd7 Rxd7 25. Qc5 Qa8 26. Bb2 Bd5 27. Bc3 Ne6 28. Qe3 Bxc4 29. bxc4 Qd8 30. Nf6+ Bxf6 31. gxf6 Qf8 32. Qxe5 Qa3+ 33. Bb2 Qxa4 34. Qe4 Qb4 35. Re3 Qd2+ 36. Kb1 Qxh2 37. Re1 Qf2 38. Rc1 Qc5 39. f4 a4 40. f5 Qxf5 41. Qxc6 Rd8 42. Qxa4 Rb8 43. Qa3 h4 44. Qd6 Rc8 45. Rh1 Rxc4 46. Qb8+ Kh7 47. Qb3 Qe4 48. Rh3 g5 49. Re3 Qd5 50. Re5 Qd1+ 51. Bc1 Qd4 52. Bb2 Qd1+ 53. Bc1 Rc7 54. Rd5 Qf1 55. Kb2 Qc4 56. Bxg5 Qe4 57. Be3 Qc4 58. Rh5+ Kg8 59. Bf2 Qxb3+ 60. cxb3 Nf4 61. Rg5+ Kh7 62. Rg7+ Kh6 63. Be3 Kh5 64. Bxf4 1-0

[Event "ITA-chTA 52nd"]
[Site "Montesilvano"]
[Date "2021.09.23"]
[Round "5.4"]
[White "Seresin, Francesco"]
[Black "Cacciola, Alfredo"]
[Result "1/2-1/2"]
[WhiteElo "2329"]
[BlackElo "2170"]
[PlyCount "56"]
[EventDate "2021.09.20"]
[EventType "team-tourn"]
[EventRounds "7"]
[EventCountry "ITA"]
[SourceTitle "CBM 204 Extra"]
[Source "ChessBase"]
[SourceDate "2021.11.30"]
[SourceVersion "1"]
[SourceVersionDate "2021.11.30"]
[SourceQuality "1"]
[WhiteTeam "WorldtradingLab"]
[BlackTeam "Varese"]
[WhiteTeamCountry "ITA"]
[BlackTeamCountry "ITA"]

1. d4 Nf6 2. c4 g6 3. Nf3 Bg7 4. g3 0-0 5. Bg2 d6 6. Nc3 Nbd7 7. 0-0 e5 8. e4 exd4 9. Nxd4 Re8 10. h3 Nc5 11. Re1 Bd7 12. Bf4 h6 13. Qc2 Nfxe4 14. Nxe4 Bxd4 15. Qd2 Rxe4 16. Rxe4 Nxe4 17. Qxd4 Ng5 18. Bd2 c5 19. Bxg5 Qxg5 20. Qxd6 Be6 21. h4 Qf6 22. Rb1 Rd8 23. Qxc5 Rd2 24. Qxa7 Bxc4 25. Bxb7 Bxa2 26. Re1 Rxb2 27. Bg2 Be6 28. Qe3 Kg7 1/2-1/2

[Event "ITA-chTA 52nd"]
[Site "Montesilvano"]
[Date "2021.09.22"]
[Round "4.4"]
[White "Cacciola, Alfredo"]
[Black "Massironi, Marco"]
[Result "1/2-1/2"]
[WhiteElo "2170"]
[BlackElo "2222"]
[PlyCount "45"]
[EventDate "2021.09.20"]
[EventType "team-tourn"]
[EventRounds "7"]
[EventCountry "ITA"]
[SourceTitle "CBM 204 Extra"]
[Source "ChessBase"]
[SourceDate "2021.11.30"]
[SourceVersion "1"]
[SourceVersionDate "2021.11.30"]
[SourceQuality "1"]
[WhiteTeam "Varese"]
[BlackTeam "Padova Obiettivo"]
[WhiteTeamCountry "ITA"]
[BlackTeamCountry "ITA"]

1. e4 c5 2. Nf3 d6 3. d4 cxd4 4. Nxd4 Nf6 5. Nc3 a6 6. Be2 e5 7. Nf3 Be7 8. Bg5 Be6 9. Bxf6 Bxf6 10. Qd2 0-0 11. 0-0 Be7 12. Nd5 Nd7 13. Rfd1 Rc8 14. c3 Bxd5 15. Qxd5 Qb6 16. Qb3 Qc6 17. Nd2 Nc5 18. Qc2 b5 19. Bf3 Ne6 20. Qb3 Nc5 21. Qc2 Ne6 22. Qb3 Nc5 23. Qc2 1/2-1/2

[Event "Mendrisio op 25th"]
[Site "Mendrisio"]
[Date "2021.09.12"]
[Round "5"]
[White "Paleologu, Vladimir"]
[Black "Cacciola, Alfredo"]
[Result "1-0"]
[WhiteElo "2035"]
[BlackElo "2170"]
[PlyCount "33"]
[EventDate "2021.09.10"]
[EventType "swiss"]
[EventRounds "5"]
[EventCountry "SUI"]
[SourceTitle "EXT 2022"]
[Source "ChessBase"]
[SourceDate "2021.10.06"]
[SourceVersion "1"]
[SourceVersionDate "2021.10.06"]
[SourceQuality "1"]

1. e4 c5 2. Nf3 d6 3. d4 cxd4 4. Nxd4 Nf6 5. Nc3 g6 6. Be3 Bg7 7. Be2 0-0 8. h4 h5 9. f3 Nc6 10. Qd2 a6 11. 0-0-0 Nxd4 12. Bxd4 b5 13. g4 hxg4 14. h5 e5 15. h6 Bh8 16. Bb6 Qe7 17. Nd5 1-0

[Event "Mendrisio op 25th"]
[Site "Mendrisio"]
[Date "2021.09.11"]
[Round "2"]
[White "Cacciola, Alfredo"]
[Black "Chatalbashev, Boris"]
[Result "0-1"]
[WhiteElo "2170"]
[BlackElo "2530"]
[PlyCount "70"]
[EventDate "2021.09.10"]
[EventType "swiss"]
[EventRounds "5"]
[EventCountry "SUI"]
[SourceTitle "EXT 2022"]
[Source "ChessBase"]
[SourceDate "2021.10.06"]
[SourceVersion "1"]
[SourceVersionDate "2021.10.06"]
[SourceQuality "1"]

1. e4 g6 2. d4 Bg7 3. Nc3 d6 4. Nf3 Nf6 5. Be2 0-0 6. 0-0 c5 7. dxc5 dxc5 8. Qxd8 Rxd8 9. Be3 b6 10. Rfd1 Nc6 11. Rxd8+ Nxd8 12. Rd1 Bb7 13. e5 Ng4 14. Bg5 Ne6 15. Bxe7 Nf4 16. Ne1 Nxe2+ 17. Nxe2 Nxe5 18. Bg5 Re8 19. b3 Nc6 20. Kf1 c4 21. Be3 Ba6 22. Rd6 Ne5 23. b4 Bf8 24. Rd5 Bb7 25. Rd1 Bxb4 26. c3 Bf8 27. Nf4 Ng4 28. Rd7 Re7 29. Rxe7 Bxe7 30. h3 Nxe3+ 31. fxe3 Bf6 32. Ne2 Be4 33. Nd4 a6 34. Ke2 b5 35. Nef3 Bb1 0-1

[Event "SUI-chT"]
[Site "Switzerland"]
[Date "2018.10.27"]
[Round "8.8"]
[White "Cacciola, Alfredo"]
[Black "Redzepi, Halit"]
[Result "1/2-1/2"]
[WhiteElo "2184"]
[BlackElo "1998"]
[PlyCount "60"]
[EventDate "2018.03.25"]
[EventType "team-tourn"]
[EventRounds "9"]
[EventCountry "SUI"]
[SourceTitle "CBM 187 Extra"]
[Source "ChessBase"]
[SourceDate "2018.11.04"]
[SourceVersion "1"]
[SourceVersionDate "2018.11.04"]
[SourceQuality "1"]
[WhiteTeam "Mendrisio"]
[BlackTeam "St Gallen"]
[WhiteTeamCountry "SUI"]
[BlackTeamCountry "SUI"]

1. e4 c5 2. Nf3 d6 3. d4 cxd4 4. Nxd4 Nf6 5. Nc3 a6 6. Be2 g6 7. Be3 Bg7 8. Qd2 Ng4 9. Bxg4 Bxg4 10. f3 Bd7 11. Bh6 Bxh6 12. Qxh6 Qa5 13. 0-0-0 Nc6 14. Nb3 Qh5 15. Qe3 Be6 16. Nd5 0-0 17. h4 Qe5 18. g4 Bxd5 19. Rxd5 Qg3 20. Rg1 Qxh4 21. Rdd1 Ne5 22. Nd4 Nc4 23. Qe2 Qg5+ 24. Kb1 Rac8 25. Rh1 Kg7 26. Qh2 Rh8 27. f4 Qc5 28. Qh6+ Kg8 29. Nf5 gxf5 30. gxf5 Na3+ 1/2-1/2

[Event "SUI-chT"]
[Site "Switzerland"]
[Date "2018.04.15"]
[Round "2.8"]
[White "Georgescu, Lena"]
[Black "Cacciola, Alfredo"]
[Result "1-0"]
[WhiteElo "2213"]
[BlackElo "2184"]
[PlyCount "80"]
[EventDate "2018.03.25"]
[EventType "team-tourn"]
[EventRounds "9"]
[EventCountry "SUI"]
[SourceTitle "EXT 2019"]
[Source "ChessBase"]
[SourceDate "2018.10.10"]
[SourceVersion "1"]
[SourceVersionDate "2018.10.10"]
[SourceQuality "1"]
[WhiteTeam "Luzern"]
[BlackTeam "Mendrisio"]
[WhiteTeamCountry "SUI"]
[BlackTeamCountry "SUI"]

1. e4 c5 2. Nf3 d6 3. d4 cxd4 4. Nxd4 Nf6 5. Nc3 g6 6. Be3 Bg7 7. f3 0-0 8. Bc4 Nc6 9. Bb3 Bd7 10. h4 h5 11. Qd2 Rc8 12. Nxc6 bxc6 13. g4 hxg4 14. h5 Nxh5 15. 0-0-0 Qa5 16. fxg4 Bxg4 17. Rdg1 Nf6 18. Bh6 Bh5 19. Rxg6 Bxg6 20. Bxg7 Nh7 21. Bd4 e5 22. Qh6 Kh8 23. Bf2 Qc7 24. Bh4 f6 25. Qxg6 Qg7 26. Qf5 Qh6+ 27. Kb1 Rc7 28. Ne2 Rg7 29. Qf3 Qg6 30. Ng3 d5 31. a3 dxe4 32. Nxe4 f5 33. Nc5 Re8 34. Be1 Qd6 35. Bb4 Qd4 36. Ne6 Rg1+ 37. Rxg1 Qxg1+ 38. Ka2 Qg6 39. Nc5 Ng5 40. Qh1+ Nh7 1-0

[Event "SUI-chT"]
[Site "Switzerland"]
[Date "2018.03.25"]
[Round "1.7"]
[White "Cacciola, Alfredo"]
[Black "Burri, Quentin"]
[Result "0-1"]
[WhiteElo "2229"]
[BlackElo "2410"]
[PlyCount "66"]
[EventDate "2018.03.25"]
[EventType "team-tourn"]
[EventRounds "9"]
[EventCountry "SUI"]
[SourceTitle "CBM 183 Extra"]
[Source "ChessBase"]
[SourceDate "2018.04.19"]
[SourceVersion "1"]
[SourceVersionDate "2018.04.19"]
[SourceQuality "1"]
[WhiteTeam "Mendrisio"]
[BlackTeam "Geneve"]
[WhiteTeamCountry "SUI"]
[BlackTeamCountry "SUI"]

1. e4 c5 2. Nf3 d6 3. d4 cxd4 4. Nxd4 Nf6 5. Nc3 a6 6. Be2 e5 7. Nb3 Be7 8. Bg5 Nbd7 9. a4 b6 10. Bc4 Bb7 11. Qe2 0-0 12. 0-0 Qc7 13. Nd2 h6 14. Bxf6 Nxf6 15. Rfd1 Rfc8 16. Bb3 Bc6 17. Nc4 Nxe4 18. Nxe4 d5 19. Nc3 dxc4 20. Qxc4 Bc5 21. Nd5 Qa7 22. Qe2 Re8 23. Qg4 Kh8 24. Rd3 Rad8 25. Rad1 e4 26. Rg3 f5 27. Qg6 Rd6 28. Qxf5 Bxd5 29. Rxd5 Rf6 30. Qh5 Bxf2+ 31. Kh1 Qe7 32. Rg6 Rxg6 33. Qxg6 e3 0-1

[Event "SUI-chT"]
[Site "Switzerland"]
[Date "2017.05.14"]
[Round "4.7"]
[White "Baenziger, Fabian"]
[Black "Cacciola, Alfredo"]
[Result "1/2-1/2"]
[WhiteElo "2341"]
[BlackElo "2186"]
[PlyCount "86"]
[EventDate "2017.03.19"]
[EventType "team-swiss"]
[EventRounds "9"]
[EventCountry "SUI"]
[SourceTitle "EXT 2018"]
[Source "ChessBase"]
[SourceDate "2017.10.13"]
[SourceVersion "1"]
[SourceVersionDate "2017.10.13"]
[SourceQuality "1"]
[WhiteTeam "Luzern"]
[BlackTeam "Mendrisio"]
[WhiteTeamCountry "SUI"]
[BlackTeamCountry "SUI"]

1. e4 c5 2. Nf3 d6 3. d4 cxd4 4. Qxd4 Nc6 5. Bb5 Bd7 6. Bxc6 Bxc6 7. Nc3 Nf6 8. Bg5 e6 9. 0-0-0 Be7 10. Qd3 Qa5 11. h4 h6 12. Bd2 Qa6 13. Qxa6 bxa6 14. Rhe1 Ng4 15. Re2 0-0 16. Nd4 Bd7 17. f3 Ne5 18. Be1 Rfc8 19. f4 Nc4 20. b3 Na3 21. Nb1 Nxb1 22. Kxb1 Rab8 23. Nf3 Bb5 24. Re3 Bc6 25. c4 Ba8 26. Kc2 d5 27. exd5 Bc5 28. Red3 exd5 29. Rxd5 Bxd5 30. Rxd5 Rb7 31. Ne5 Be3 32. g3 h5 33. Nf3 g6 34. Kd3 Bc5 35. Ng5 Re7 36. Bd2 Bb6 37. Ne4 Rd8 38. Bb4 Rxd5+ 39. cxd5 Rb7 40. Nf6+ Kg7 41. Ne8+ Kg8 42. Nf6+ Kg7 43. Ne8+ Kg8 1/2-1/2

[Event "Bergamo op 15th"]
[Site "Bergamo"]
[Date "2016.07.17"]
[Round "6"]
[White "Brunello, Marina"]
[Black "Cacciola, Alfredo"]
[Result "1/2-1/2"]
[WhiteElo "2361"]
[BlackElo "2167"]
[PlyCount "64"]
[EventDate "2016.07.15"]
[EventType "swiss"]
[EventRounds "9"]
[EventCountry "ITA"]
[SourceTitle "EXT 2017"]
[Source "ChessBase"]
[SourceDate "2016.10.25"]
[SourceVersion "1"]
[SourceVersionDate "2016.10.25"]
[SourceQuality "1"]

1. e4 c5 2. Nc3 Nc6 3. g3 g6 4. Bg2 Bg7 5. d3 d6 6. Be3 Rb8 7. Qd2 b5 8. Nge2 b4 9. Nd1 Nd4 10. 0-0 e5 11. f4 Bg4 12. Nc1 Bxd1 13. Qxd1 exf4 14. gxf4 Ne7 15. Qd2 0-0 16. c3 bxc3 17. bxc3 Qa5 18. e5 Ne6 19. Nb3 Qc7 20. d4 Rbd8 21. Qf2 dxe5 22. fxe5 Nf5 23. Rad1 cxd4 24. cxd4 a5 25. Bd2 Nexd4 26. Bxa5 Qxe5 27. Bxd8 Ne2+ 28. Kh1 Nfg3+ 29. hxg3 Nxg3+ 30. Kg1 Ne2+ 31. Kh1 Ng3+ 32. Kg1 Ne2+ 1/2-1/2

[Event "Lugano op 20th"]
[Site "Lugano"]
[Date "2015.11.07"]
[Round "2"]
[White "Auvinen, Esa"]
[Black "Cacciola, Alfredo"]
[Result "0-1"]
[WhiteElo "1961"]
[BlackElo "2118"]
[PlyCount "52"]
[EventDate "2015.11.06"]
[EventType "swiss"]
[EventRounds "5"]
[EventCountry "SUI"]
[SourceTitle "CBM 169 Extra"]
[Source "ChessBase"]
[SourceDate "2015.12.18"]
[SourceVersion "1"]
[SourceVersionDate "2015.12.18"]
[SourceQuality "1"]

1. e4 c5 2. Nf3 d6 3. d4 cxd4 4. Nxd4 Nf6 5. Nc3 g6 6. g3 Nc6 7. Bg2 Nxd4 8. Qxd4 Bg7 9. 0-0 0-0 10. Qb4 Qc7 11. Bg5 Be6 12. Bxf6 Bxf6 13. Nd5 Bxd5 14. exd5 Qxc2 15. Rac1 Qxb2 16. Qxb2 Bxb2 17. Rb1 Bf6 18. Rxb7 Rfc8 19. Rd1 Rc2 20. a4 Ra2 21. Rb4 a5 22. Rf4 Rb8 23. Bh3 Bg5 24. Rc4 Rbb2 25. Rf1 Rd2 26. Rc7 Rxd5 0-1

[Event "Split op 5th"]
[Site "Split"]
[Date "2015.08.14"]
[Round "7"]
[White "Ziegler, Ari"]
[Black "Cacciola, Alfredo"]
[Result "0-1"]
[WhiteElo "2294"]
[BlackElo "2098"]
[PlyCount "40"]
[EventDate "2015.08.09"]
[EventType "swiss"]
[EventRounds "9"]
[EventCountry "CRO"]
[SourceTitle "EXT 2016"]
[Source "ChessBase"]
[SourceDate "2015.10.08"]
[SourceVersion "1"]
[SourceVersionDate "2015.10.08"]
[SourceQuality "1"]

1. e4 c5 2. Nf3 d6 3. d4 cxd4 4. Nxd4 Nf6 5. Nc3 g6 6. Be3 Bg7 7. f3 0-0 8. Qd2 Nc6 9. 0-0-0 d5 10. Qe1 e5 11. Nxc6 bxc6 12. exd5 Nxd5 13. Bc4 Be6 14. Kb1 Re8 15. g4 Qc7 16. Nxd5 cxd5 17. Bxd5 Bxd5 18. Rxd5 e4 19. Qd1 Rab8 20. Bc1 Qc3 0-1

[Event "Robecchetto op-A 26th"]
[Site "Robecchetto"]
[Date "2015.07.26"]
[Round "5"]
[White "Cacciola, Alfredo"]
[Black "Guidi, Maurizio"]
[Result "1-0"]
[WhiteElo "2098"]
[BlackElo "2015"]
[PlyCount "41"]
[EventDate "2015.07.24"]
[EventType "swiss"]
[EventRounds "5"]
[EventCountry "ITA"]
[SourceTitle "EXT 2016"]
[Source "ChessBase"]
[SourceDate "2015.10.08"]
[SourceVersion "1"]
[SourceVersionDate "2015.10.08"]
[SourceQuality "1"]

1. e4 g6 2. d4 Bg7 3. Nc3 d6 4. Be3 Nf6 5. f3 c6 6. Qd2 b5 7. 0-0-0 Qa5 8. Kb1 Nbd7 9. Bh6 Bxh6 10. Qxh6 b4 11. Nce2 Nb6 12. Nc1 Na4 13. Nb3 Qc7 14. h4 Nb6 15. Nh3 a5 16. Ng5 Ba6 17. Bxa6 Rxa6 18. e5 dxe5 19. dxe5 Nh5 20. g4 Qxe5 21. Rd8+ 1-0

[Event "Ascona op 10th"]
[Site "Ascona"]
[Date "2015.04.16"]
[Round "5"]
[White "Cacciola, Alfredo"]
[Black "Ninov, Nikolai"]
[Result "0-1"]
[WhiteElo "2093"]
[BlackElo "2432"]
[PlyCount "89"]
[EventDate "2015.04.14"]
[EventType "swiss"]
[EventRounds "5"]
[EventCountry "SUI"]
[SourceTitle "CBM 166 Extra"]
[Source "ChessBase"]
[SourceDate "2015.06.18"]
[SourceVersion "1"]
[SourceVersionDate "2015.06.18"]
[SourceQuality "1"]

1. e4 c5 2. Nf3 Nf6 3. Nc3 d5 4. exd5 Nxd5 5. Bb5+ Nc6 6. 0-0 Bg4 7. d4 Nxc3 8. bxc3 e6 9. Qd3 Bd6 10. Qe4 Bxf3 11. Qxf3 Qc7 12. h3 0-0 13. Bxc6 Qxc6 14. Qxc6 bxc6 15. Be3 c4 16. Rab1 Rfb8 17. g3 Rxb1 18. Rxb1 Rb8 19. Rxb8+ Bxb8 20. Kg2 Kf8 21. Kf3 Ke7 22. g4 f5 23. g5 Bc7 24. Bf4 Ba5 25. Bd2 Kd6 26. h4 g6 27. Ke3 Kd5 28. f4 Bb6 29. Bc1 Ba5 30. Bb2 a6 31. Kf3 c5 32. Ke3 cxd4+ 33. cxd4 c3 34. Ba3 Bb6 35. Kd3 Bxd4 36. Bd6 e5 37. fxe5 Bxe5 38. Bb4 Bd4 39. Ba5 f4 40. Bc7 f3 41. Bg3 Bc5 42. Bh2 Bf2 43. Bf4 Bxh4 44. Ke3 f2 45. Ke2 0-1

[Event "Omegna op-A 2nd"]
[Site "Omegna"]
[Date "2014.08.10"]
[Round "4"]
[White "Mantovan, Giuseppe"]
[Black "Cacciola, Alfredo"]
[Result "0-1"]
[WhiteElo "1828"]
[BlackElo "2148"]
[PlyCount "104"]
[EventDate "2014.08.08"]
[EventType "swiss"]
[EventRounds "5"]
[EventCountry "ITA"]
[SourceTitle "EXT 2024"]
[Source "ChessBase"]
[SourceDate "2023.10.10"]
[SourceVersion "1"]
[SourceVersionDate "2023.10.10"]
[SourceQuality "1"]

1. d4 Nf6 2. c4 g6 3. Nc3 Bg7 4. e4 d6 5. f4 0-0 6. Nf3 c5 7. d5 e6 8. Be2 exd5 9. exd5 Bf5 10. 0-0 Re8 11. Bd3 Qd7 12. Qc2 Bxd3 13. Qxd3 Na6 14. Bd2 Nb4 15. Qb1 b5 16. a3 Na6 17. Qd3 Nc7 18. cxb5 Reb8 19. a4 a6 20. f5 Ng4 21. h3 Ne5 22. Nxe5 Bxe5 23. fxg6 hxg6 24. Bg5 axb5 25. axb5 Rxa1 26. Rxa1 Nxb5 27. Rf1 Nc7 28. Bc1 Kg7 29. Ne4 Rb4 30. Ng5 f6 31. Nf3 Bxb2 32. Bxb2 Rxb2 33. Nd2 Rb4 34. Qf3 Qe7 35. Nb3 Qe5 36. Rd1 Qe4 37. Qxe4 Rxe4 38. Kf2 Re5 39. Ra1 Nxd5 40. Ra6 Nc3 41. Kf1 Ne4 42. Na5 Re7 43. Nc6 Rd7 44. Nb8 Rb7 45. Nc6 d5 46. Nd8 Rd7 47. Ne6+ Kf7 48. Nf4 d4 49. Ra4 Nc3 50. Ra5 c4 51. Rc5 d3 52. Nxd3 cxd3 0-1